تفاصيل مارك
| 000 -الفاتح |
| حقل البيانات ثابتة الطول |
04385cam a2200421 i 4500 |
| 001 - رقم الضبط |
| رقم الضبط |
896906355 |
| 003 - محدد رقم الضبط |
| رقم الضبط |
OCoLC |
| 005 - وقت وتاريخ اخر تعامل مع التسجيلة |
| رقم الضبط |
20180904162146.0 |
| 008 - عناصر البيانات ثابتة الطول - معلومات عامة |
| حقل البيانات ثابتة الطول |
141028t20152015moua b 001 0 eng |
| 015 ## - رقم الببليوجرافية الوطنية |
| رقم الببليوجرافية الوطنية |
GBB4D0649 |
| المصدر |
bnb |
| 020 ## - الرقم الدولى المعيارى للكتب |
| الرقم الدولى المعيارى للكتاب |
9781455745913 |
| Qualifying information |
(hbk.) |
| 020 ## - الرقم الدولى المعيارى للكتب |
| الرقم الدولى المعيارى للكتاب |
145574591X |
| Qualifying information |
(hbk.) |
| 035 ## - رقم ضبط النظام |
| رقم ضبط النظام |
(OCoLC)896906355 |
| رقم الضبط الملغى والمتاح |
(OCoLC)877372454 |
| 040 ## - مصدر الفهرسة |
| وكالة الفهرسة الأصلية |
NLM |
| لغة الفهرسة |
eng |
| قواعد الوصف |
rda |
| وكالة النسخ |
NLM |
| وكالة التعديل |
UKMGB |
| -- |
YDXCP |
| -- |
GWM |
| -- |
OCLCF |
| -- |
LANGC |
| -- |
MXC |
| 042 ## - رمز التحقق |
| رمز التحقق |
nlmcopyc |
| 050 #4 - رقم طلب مكتبة الكونجرس |
| رقم التصنيف |
RB111 |
| رقم المادة |
.G66 2015 |
| 060 00 - رقم الطلب بالمكتبة الطبية الوطنية |
| رقم التصنيف |
2015 C-490 |
| 060 10 - رقم الطلب بالمكتبة الطبية الوطنية |
| رقم التصنيف |
QZ 140 |
| 082 04 - رقم تصنيف ديوى العشرى |
| رقم التصنيف |
616.0702461582 |
| رقم الطبعة |
23 |
| رقم المادة |
GCP |
| 100 1# - المدخل الرئيسى - إسم شخصى |
| الإسم الشخصى |
Goodman, Catherine Cavallaro, |
| الدور |
author |
| 9 (RLIN) |
36100 |
| 245 10 - بيان العنوان |
| العنوان |
Pathology : |
| بقية العنوان |
implications for the physical therapist / |
| بيان المسئوليه,etc |
Catherine Cavallaro Goodman, Kenda S. Fuller |
| 250 ## - بيان الطبعة |
| بيان الطبعة |
Fourth edition |
| 300 ## - الوصف المادى |
| التعداد |
xviii, 1782 pages : |
| تفاصيل ماديه اخرى للوعاء |
illustrations ; |
| أبعاد الوعاء |
29 cm |
| 504 ## - تبصرة ببليوجرافية |
| تبصرة ببليوجرافية,الخ |
Includes bibliographical references and index |
| 505 0# - تبصرة محتويات-الفهرس |
| تبصرة المحتويات المصاغة |
Pt. 1. Introduction. Introduction to concepts of pathology / Catherine Cavallaro Goodman -- Behavioral, social, and environmental factors contributing to disease and dysfunction / Tamara L. Burlis, Susan S. Deusinger, Denise Gaffigan-Bender -- The psychosocial-spiritual impact on health care / Susan Ann Talley, Beth Anne Fisher, Kathleen J. Pantano, Darino Sargeant, Kimberly Dunleavy, Bonnie Yost -- Environmental and occupational medicine / Lynzie Schulte -- Problems affecting multiple systems / Celeste Peterson, Meredith A. Wampler, Joy C. Cohn, Lara A. Firrone -- Injury, inflammation, healing, and repair / Rolando T. Lazaro, Annie Burke-Doe -- |
| 505 0# - تبصرة محتويات-الفهرس |
| تبصرة المحتويات المصاغة |
Pt. 2. Clinical medicine. The immune system / Joseph A. Fraietta, David M Kietrys -- Infectious disease / Kim Levenhagen, Celeste Peterson -- Oncology / Charles L. McGarvey, Lisa VanHoose, Mary Calys, Joseph A. Fraietta -- The integumentary system / Harriett B. Loehne, Alan W. Chong Lee -- The endocrine and metabolic systems / Catherine Cavallaro Goodman, Gina Pariser -- The cardiovascular system / Irina V. Smirnova -- The lymphatic system / Bonnie Lasinski -- The hematologic system / Celeste Peterson, Catherine Cavallaro Goodman -- The respiratory system / Lora Packel -- The gastrointestinal system / Celeste Peterson, Catherine Cavallaro Goodman -- The hepatic, pancreatic, and biliary systems / Catherine Cavallaro Goodman, Celeste Peterson -- The renal and urologic systems / Michael S. Castillo, Janice T. Dinglasan, Beth Shelly, Kathleen L. Allen -- The male genital/reproductive system / Lisa A. Massa, Beth Shelly -- The female genital/reproductive system / Beth Shelly, Valerie Wang, Holly Tanner, Patricia M. King -- Transplantation / Chris L. Wells, Courtney Frankel, Eva Gold, G. Stephen Morris -- |
| 505 0# - تبصرة محتويات-الفهرس |
| تبصرة المحتويات المصاغة |
Pt. 3. Pathology of the musculoskeletal system. Introduction to pathology of the musculoskeletal system / Kevin Helgeson -- Genetic and developmental disorders / Allan M. Glanzman -- Metabolic disorders / Kevin Helgeson -- Infectious diseases of the musculoskeletal system / Kevin Helgeson -- Musculoskeletal neoplasms / Kevin Helgeson -- Soft-tissue, joint, and bone disorders / Kevin Helgeson |
| 505 0# - تبصرة محتويات-الفهرس |
| تبصرة المحتويات المصاغة |
Pt. 4. Pathology of the nervous system. Introduction to central nervous system disorders / Kenda S. Fuller -- Infectious disorders of the central nervous system / Kenda S. Fuller -- Central nervous system neoplasms / Stephen A. Gudas -- Degenerative diseases of the central nervous system / Kenda S. Fuller, Erica Demarch, Patricia A. Winkler -- Stroke / Kenda S. Fuller -- Traumatic brain injury / Karen L. McCulloch, Kenda S. Fuller -- Traumatic spinal cord injury / Candy Tefertiller, Laura S. Wehrli, Kenda S. Fuller -- Cerbral palsy / Allan M. Glanzman -- Seizures and epilepsy / Kenda S. Fuller -- Headache / Kenda S. Fuller, Heather Campbell -- Vestibular disorders / Kenda S. Fuller -- The peripheral nervous system / Robyn Gisbert, Kenda S. Fuller -- Laboratory tests and values / Glenn Irion |
| 650 12 - المدخل الاضافى بالموضوع-مصطلح موضوعى |
| مصطلح موضوعي أو اسم جغرافي كعنصر مدخل |
Pathology |
| 9 (RLIN) |
64811 |
| 650 22 - المدخل الاضافى بالموضوع-مصطلح موضوعى |
| مصطلح موضوعي أو اسم جغرافي كعنصر مدخل |
Musculoskeletal System |
| التقسيم الفرعي العام |
pathology |
| 9 (RLIN) |
64812 |
| 650 22 - المدخل الاضافى بالموضوع-مصطلح موضوعى |
| مصطلح موضوعي أو اسم جغرافي كعنصر مدخل |
Nervous System |
| التقسيم الفرعي العام |
pathology |
| 9 (RLIN) |
64813 |
| 650 22 - المدخل الاضافى بالموضوع-مصطلح موضوعى |
| مصطلح موضوعي أو اسم جغرافي كعنصر مدخل |
Physical Therapy Modalities |
| 9 (RLIN) |
64814 |
| 650 #0 - المدخل الاضافى بالموضوع-مصطلح موضوعى |
| مصطلح موضوعي أو اسم جغرافي كعنصر مدخل |
Physiology, Pathological |
| التقسيم الفرعي الشكلي |
Handbooks, manuals, etc |
| 9 (RLIN) |
10649 |
| 650 #0 - المدخل الاضافى بالموضوع-مصطلح موضوعى |
| مصطلح موضوعي أو اسم جغرافي كعنصر مدخل |
Physical therapy assistants |
| التقسيم الفرعي الشكلي |
Handbooks, manuals, etc |
| 9 (RLIN) |
64815 |
| 655 #7 - مصطلح تكشيفى-نوع/شكل |
| بيانات النوع/ الشكل أو المصطلح الأساسي |
Handbooks, manuals, etc. |
| مصدر المصطلح |
fast |
| 9 (RLIN) |
64816 |
| 700 1# - المدخل الاضافى - اسم شخصى |
| الإسم الشخصى |
Fuller, Kenda S., |
| الدور |
author |
| 9 (RLIN) |
64817 |
| 942 ## - عناصر المدخل الإضافي( كوها) |
| مصدر التصنيف او مخطط الترفيف |
Dewey Decimal Classification |
| Koha [default] item type |
كتاب |